| 000 | 00544nam a2200181Ia 4500 | ||
|---|---|---|---|
| 001 | 16652 | ||
| 005 | 20260306170325.0 | ||
| 008 | 260306t2008||||xx |||||||||||||| ||und|| | ||
| 041 | _aESP | ||
| 082 |
_a348.872 _bD37 |
||
| 100 |
_aDe la Cueva, Mario _eAUT |
||
| 245 | 0 |
_aEl nuevo derecho mexicano del trabajo: _bseguridad social, derecho colectivo del trabajo, sindicación, convenciones colectivas, conflictos de trabajo, la huelga |
|
| 260 | _c2008 | ||
| 300 |
_a _c23 cm. |
||
| 650 | _aGEN | ||
| 654 | _aCDE | ||
| 942 |
_cLIB _dJUS _fJUS _2ddc _n |
||
| 999 |
_c16652 _d16652 |
||